1500 1758 1060 1515 1512 1104 1415 1084 1096 1462 1775 1285 1128 1068 1034 1677 1390 1463 1562 1329 1316 1834 1237 1760 1558 1314 1433 1080 1194 1741 1112 1765 1853 1954 1204 1488 1716 1251 1240 1288 1233 1131 1201 1226 1359 1625 1384 1975 1617 1652 1211 1342 1462 1882 1605 1501 1772 1503 1844 1368 1697 1676 1383 1318 1579 1822 1109 1718 1757 1273 1768 1198 1407 1512 1431 1454 1874 1208 1780 1256 1496 1149 1241 1176 1466 1359 1224 1773 1259 1882 1165 1818 1466 1295 1553 1604 1630 1655 1620 BCNSPRNW ULIB Ver.6.0+V

เปลี่ยนเป็นภาษาไทย

Change to English
 แสดงรายละเอียดบรรณานุกรม
  กลับหน้าหลัก

Brief Record : Get Marc (ISO 2709) : E-mail record : QR code < ปิดหน้าต่าง
LEADER : 00000nam 2200000uu 4500
001    13399124026
003     ULIB
008    141226s2555||||th 000 0 tha d
020    ^a9786167287829
060  4 ^aWC503.2^bช616I
100    ^aชิษณุ พันธุ์เจริญ
245    ^aIf we share เมื่อเราปันรักให้กันรักนั้นจะเพิ่มทวีคูณ/^cชิษณุ พันธุ์เจริญ
250    ^aพิมพ์ครั้งที่ 1
260    ^aกรุงเทพฯ :^bภาพพิมพ์,^c2555
300    ^a112 หน้า;^b18 ซม.
650    ^aโรคเอดส์
945    ^p150^l0^i037760
945    ^p150^l0^i037761
945    ^p150^l0^i037762
945    ^p150^l0^i037763
945    ^p150^l0^i037764
999    ^aกมลทิพย์ ธนสารสุธี
รายการนี้ยังไม่มีแท็ก
คุณยังไม่ได้ล็อกอิน คุณสามารถมีกิจกรรมร่วมกับเว็บไซต์ได้ แต่ต้องล็อกอินก่อน ::
  ล็อกอิน

รายการสื่อสารสนเทศ

ลำดับที่ ประเภท เลขเรียก/บาร์โค้ด สถานที่ สถานะ
1. วิทยาศาสตร์การแพทย์ และสุขภาพ
หนังสือสำรอง
สถานะ=หนังสือสำรอง
WC503.2 ช616I ฉ.1 
  Barcode: 037760
ห้องสมุดวิทยาเขตสวรรค์ประชารักษ์
►ส่วนจัดเก็บหนังสือเก่า สปร
บนชั้น
  ขอยืม
2. วิทยาศาสตร์การแพทย์ และสุขภาพ
วิทยาศาสตร์การแพทย์ และสุขภาพ
WC503.2 ช616I ฉ.2 
  Barcode: 037761
ห้องสมุดวิทยาเขตสวรรค์ประชารักษ์
►ส่วนจัดเก็บหนังสือเก่า สปร
บนชั้น
  ขอยืม
3. วิทยาศาสตร์การแพทย์ และสุขภาพ
วิทยาศาสตร์การแพทย์ และสุขภาพ
WC503.2 ช616I ฉ.3 
  Barcode: 037762
ห้องสมุดวิทยาเขตสวรรค์ประชารักษ์
►ส่วนจัดเก็บหนังสือเก่า สปร
บนชั้น
  ขอยืม
4. วิทยาศาสตร์การแพทย์ และสุขภาพ
วิทยาศาสตร์การแพทย์ และสุขภาพ
WC503.2 ช616I ฉ.4 
  Barcode: 037763
ห้องสมุดวิทยาเขตสวรรค์ประชารักษ์
►ส่วนจัดเก็บหนังสือเก่า สปร
บนชั้น
  ขอยืม
5. วิทยาศาสตร์การแพทย์ และสุขภาพ
วิทยาศาสตร์การแพทย์ และสุขภาพ
WC503.2 ช616I ฉ.5 
  Barcode: 037764
ห้องสมุดวิทยาเขตสวรรค์ประชารักษ์
►ส่วนจัดเก็บหนังสือเก่า สปร
บนชั้น
  ขอยืม

รายการใกล้เคียง
    ผู้แต่ง [ชิษณุ พันธุ์เจริญ]

    หัวเรื่อง [โรคเอดส์]

BibComment


ยังไม่เคยถูกคอมเมนท์

คอมเมนท์ทรัพยากรรายการนี้
  คอมเมนท์: If we share เมื่..


 Copyright 2026. Bcnsprnw @Library